Parallel processing / (Record no. 23529)

MARC details
000 -LEADER
fixed length control field 00609nam a22001935a 4500
008 - FIXED-LENGTH DATA ELEMENTS--GENERAL INFORMATION
fixed length control field 161208r20152014ii a|||fr|||| 001 0 eng d
020 ## - INTERNATIONAL STANDARD BOOK NUMBER
International Standard Book Number 9789350996591
040 ## - CATALOGING SOURCE
Original cataloging agency EG-ScBUE
Language of cataloging eng
Transcribing agency EG-ScBUE
082 04 - DEWEY DECIMAL CLASSIFICATION NUMBER
Edition number 22
Classification number 004.35
Item number DHO
100 1# - MAIN ENTRY--PERSONAL NAME
9 (RLIN) 41716
Personal name Dhotre, Iresh A.
245 ## - TITLE STATEMENT
Title Parallel processing /
Statement of responsibility, etc Iresh A. Dhore.
260 ## - PUBLICATION, DISTRIBUTION, ETC. (IMPRINT)
Place of publication, distribution, etc Pune, India :
Name of publisher, distributor, etc Technical Publication,
Date of publication, distribution, etc 2015.
300 ## - PHYSICAL DESCRIPTION
Extent (varios pagings) :
Other physical details ill. ;
Dimensions 22 cm.
590 ## - LOCAL NOTE (RLIN)
Local note Wessam
650 #7 - SUBJECT ADDED ENTRY--TOPICAL TERM
Source of heading or term BUEsh
9 (RLIN) 11339
Topical term or geographic name as entry element parallel processing (Electronic computers).
651 ## - SUBJECT ADDED ENTRY--GEOGRAPHIC NAME
Source of heading or term BUEsh
653 ## - INDEX TERM--UNCONTROLLED
Resource For college Engineering, Electrical
Arrived date list December2016
942 ## - ADDED ENTRY ELEMENTS (KOHA)
Source of classification or shelving scheme Dewey Decimal Classification
Edition 22
Call number prefix 004.35 DHO
Holdings
Withdrawn status Item status Source of classification or shelving scheme Damaged status Not for loan Vendor Home library Current library Shelving location Date acquired Source of acquisition Cost, normal purchase price Serial Enumeration / chronology Total Checkouts Full call number Barcode Date last seen Cost, replacement price Koha item type
    Dewey Decimal Classification     Alahram Central Library Central Library Lower Floor 08/12/2016 Purchase 83.00 117   004.35 DHO 000045243 15/07/2025 103.75 Book - Borrowing